00499nam a2200181 a 4500001001300000003000900013005001700022008004100039020001000080082001600090100003200106245003300138260004800171300000900219500003500228650002200263700003200285nice12345678IN_TiNIC20260116011544.0080326s1951 musa grp 000 0 hin  ac10000a491.43bMIS aMissionary Language Board,  aFirst Year Hindustani Course aMussoori bMissionary Language Board c1951 a370p aincludes index and biblioraphy aHindi Course Book1 aMissionary Language Board,